000 00325nam a22001337a 4500
008 181107b xxu||||| |||| 00| 0 eng d
020 _a0155003909
041 _aeng
080 _a330
100 _a58
101 _aBIZ
245 _aAbove the Bottom Line An Introduction to Business Ethics
_cSolomon,R.C
942 _2udc
_cBK
999 _c52059
_d52059